<?xml version="1.0" encoding="UTF-8"?><?xml-stylesheet type="text/xsl" href="static/style.xsl"?><OAI-PMH xmlns="http://www.openarchives.org/OAI/2.0/" xmlns:xsi="http://www.w3.org/2001/XMLSchema-instance" xsi:schemaLocation="http://www.openarchives.org/OAI/2.0/ http://www.openarchives.org/OAI/2.0/OAI-PMH.xsd"><responseDate>2026-04-14T02:43:23Z</responseDate><request verb="GetRecord" identifier="oai:www.recercat.cat:10230/24867" metadataPrefix="marc">https://recercat.cat/oai/request</request><GetRecord><record><header><identifier>oai:recercat.cat:10230/24867</identifier><datestamp>2025-12-13T20:52:37Z</datestamp><setSpec>com_2072_6</setSpec><setSpec>col_2072_452954</setSpec></header><metadata><record xmlns="http://www.loc.gov/MARC21/slim" xmlns:dcterms="http://purl.org/dc/terms/" xmlns:xsi="http://www.w3.org/2001/XMLSchema-instance" xmlns:doc="http://www.lyncode.com/xoai" xsi:schemaLocation="http://www.loc.gov/MARC21/slim http://www.loc.gov/standards/marcxml/schema/MARC21slim.xsd">
   <leader>00925njm 22002777a 4500</leader>
   <datafield ind2=" " ind1=" " tag="042">
      <subfield code="a">dc</subfield>
   </datafield>
   <datafield ind2=" " ind1=" " tag="720">
      <subfield code="a">Font Figueras, Laura</subfield>
      <subfield code="e">author</subfield>
   </datafield>
   <datafield ind2=" " ind1=" " tag="260">
      <subfield code="c">2015-10-20T14:45:08Z</subfield>
   </datafield>
   <datafield ind2=" " ind1=" " tag="260">
      <subfield code="c">2015-10-20T14:45:08Z</subfield>
   </datafield>
   <datafield ind2=" " ind1=" " tag="260">
      <subfield code="c">2014</subfield>
   </datafield>
   <datafield ind2=" " ind1=" " tag="520">
      <subfield code="a">Treball de fi de grau d&amp;apos;Humanitats. Curs 2013-2014</subfield>
   </datafield>
   <datafield ind2=" " ind1=" " tag="520">
      <subfield code="a">Directora: Montserrat Cots Vicente</subfield>
   </datafield>
   <datafield ind2=" " ind1=" " tag="520">
      <subfield code="a">El teatre de l’absurd, moviment cronològicament breu i, en certa mesura, “minoritari”, sembla presentar una contradicció amb la propagació i relleu posteriorment adquirits a nivell mundial. El seu desenvolupament va lligat al nihilisme i la consciència de l’absurditat de la condició humana, fenòmens que tenen lloc després de la Segona Guerra Mundial i de l’Holocaust. L’home havia conegut la cara més fosca de l’existència. Ara l’únic que podia fer era tractar d’aixecar-se de nou.</subfield>
   </datafield>
   <datafield tag="653" ind2=" " ind1=" ">
      <subfield code="a">Teatre -- Catalunya -- Barcelona -- S. XX -- Història i crítica</subfield>
   </datafield>
   <datafield tag="653" ind2=" " ind1=" ">
      <subfield code="a">Teatre -- Madrid -- Història i crítica</subfield>
   </datafield>
   <datafield tag="653" ind2=" " ind1=" ">
      <subfield code="a">Brossa, Joan, 1919-1998 -- Crítica i interpretació</subfield>
   </datafield>
   <datafield ind2="0" ind1="0" tag="245">
      <subfield code="a">L&amp;apos;acollida del teatre de l&amp;apos;absurd a Barcelona</subfield>
   </datafield>
</record></metadata></record></GetRecord></OAI-PMH>